000
00339nam a2200145Ia 4500
003
OSt
005
20240301161800.0
008
170524s9999 xx 000 0 und d
020
_a
978-8173918452
040
_c
iimtu meerut
100
_a
Murthy D V R
245
0
_a
DEVELOPMENT JOURNALISM
260
_b
NEW DELHI: KANISHKA
942
_2
ddc
_c
02
999
_c
9330
_d
9330